000 00790nam a2200217 a 4500
001 000011565
005 20240412074227.0
008 091021t1998 dr a r 000 j spa d
040 _aDO-SdBNP
_bspa
_cBNPHU
082 _aRD863.44
_bF316u
100 1 _aFéliz Báez, José Miguel,
_d1949-
_927391
245 1 4 _aUna tarde en la universidad /
_cJosé Miguel Féliz Báez ; prólogo Jacobo Moquete de la Rosa.
260 _aBarahona, República Dominicana :
_bDe Colores,
_c1998.
300 _a92 p. :
_bil. ;
_c21 cm.
500 _aIncluye datos biográficos del autor.
590 _aInventariado, 2020/BT
650 0 _aCuentos dominicanos
_9176
650 0 _aLiteratura dominicana.
_967
700 1 _aMoquete de la Rosa, Jacobo,
_epról.
_91678
910 _aValidado. Control de calidad EMS.
999 _c11260
_d11260